| 000 | 01011nam a2200277 i 4500 | ||
|---|---|---|---|
| 001 | bg | ||
| 100 | 1 |
_aCieśliński, Zbigniew _d(1930-2001). |
|
| 245 | 1 | 0 |
_aProblemy ochrony i rekultywacji środowiska / _cZbigniew Cieśliński, Piotr Jaworowski, Elżbieta Szczepańska. |
| 260 |
_aToruń : _bUMK, _c1994. |
||
| 300 |
_a228, [1] s. : _b1 mapa, rys., wykr. ; _c24 cm. |
||
| 490 | 1 | _aSkrypty i Teksty Pomocnicze / Uniwersytet Mikołaja Kopernika | |
| 504 | _aBibliogr. s. 177-180. | ||
| 650 | 9 |
_aNieużytki _xgospodarka _zPolska |
|
| 650 | 9 |
_aŚrodowisko człowieka _xhigiena _zPolska |
|
| 650 | 9 |
_aŚrodowisko człowieka _xochrona _zPolska |
|
| 700 | 1 |
_aJaworowski, Piotr _d(1931- ). |
|
| 700 | 1 |
_aSzczepańska, Elżbieta _d(1951- ). |
|
| 830 | 0 | _aSkrypty i Teksty Pomocnicze (Uniwersytet Mikołaja Kopernika) | |
| 020 | _a8323105820 | ||
| 040 | _cBPK | ||
| 041 | 0 | _apol | |
| 080 | _a504.05/.06:614.7:631.6](438) | ||
| 920 | _a83-231-0582-0 | ||
| 942 | _cKS | ||
| 008 | s pl f |000 0 pol | ||
| 999 |
_c7005 _d7005 |
||
| 856 |
_uhttp://koha.tu.koszalin.pl/cgi-bin/koha/opac-detail.pl?biblionumber=7005 _yKatalog online BPK |
||